000 00931nam a2200241Ia 4500
003 GCL
008 140319s9999 xx 000 0 ara d
020 _a1101323977
040 _aGCL /
_cGCL
082 0 4 _a953.022
_bت س
100 1 _aالتيمى: ابوعبيدة معمر بن المثنى
245 1 0 _aسير الخلفاء :
_bابو بكر - عمر - عثمان - على رضى الله عنهم /
_cالتيمى: ابوعبيدة معمر بن المثنى
250 _aالاولى
260 _aالقاهرة :
_bعين للدراسات والبحوث الانسانية والاجتماعية ،
_c2005
300 _a232 ص ؛
_c28 سم
490 _aعيون التراث
_v0
650 0 4 _aعمر بن الخطاب
650 0 4 _aعثمان بن عفان
650 0 4 _aالخلفاء الراشدون
650 0 4 _aعلى بن ابى طالب
650 0 4 _aابو بكر الصديق
942 _2ddc
_cBK
999 _c57426
_d57426